| 000 | 00860nam a2200217 a 4500 | ||
|---|---|---|---|
| 001 | 4128 | ||
| 005 | 20140414131852.0 | ||
| 008 | 090209s19uu xx 00 eng d | ||
| 020 | _a0-7368-0593-1 | ||
| 050 |
_aM 617.6 _bW15 2001 |
||
| 100 | _aWallner, Rosemary | ||
| 245 |
_aDental assistant / _cby Rosemary Wallner. |
||
| 260 |
_aMankato, Minnesota : _bCapstone Press, _cc2001. |
||
| 300 | _a48 p. : col., ill. cm. | ||
| 440 | _aCareer exploration | ||
| 500 | _aIncludes bibliographical references and index. | ||
| 520 | _aIntroduces the career of dental assistant, providing information about educational requirements, duties, the workplace, salary, employment outlook, and possible future positions. | ||
| 650 |
_aDental assistants _xVocational guidance. |
||
| 650 |
_aDental assistants _xVocational guidance _xJuvenile literature. |
||
| 999 |
_c110252 _d110252 |
||